000 00237 a2200121 4500
020 _a9788493482633
041 _aspa
100 _aGil Martinez, Carmen
245 _aEl hada Roberta
942 _cBK
999 _c10869
_d10869
999 _d10869
999 _d10869